000 00554nam a2200181Ia 4500
005 20250923144246.0
008 008 250917s9999 xx 000 0 eng d
037 _aTextual
040 _aDSWL
_beng
_cDSWL
041 _aeng
_2eng
084 _aT3O222u73, G8
_qDSWL
100 _aJohnson, Alvin
_9822936
245 0 _aPublic library: A people's university
_cby Alvin Johnson
260 _aNew York
_b American Association for adult
_c1938
300 _a85 p.
942 _cTEXL
_hT3O222u73, G8
999 _c1436693
_d1436693